Normal view
MARC view
Entry Personal Name
001 - CONTROL NUMBER
- control field: 82083
003 - CONTROL NUMBER IDENTIFIER
- control field: dpl
005 - DATE AND TIME OF LATEST TRANSACTION
- control field: 20250616163141.0
008 - FIXED-LENGTH DATA ELEMENTS
- fixed length control field: 250616|| aca||aabn | a|a d
040 ## - CATALOGING SOURCE
- Original cataloging agency: dpl
- Transcribing agency: dpl
100 ## - HEADING--PERSONAL NAME
- Personal name: Rathi, V.P
670 ## - SOURCE DATA FOUND
- Source citation: Work cat.: (dpl)211838: Rathi, V.P., Diasporic Perspectives (In the Select Novels of Bharati Mukherjee, Chitra Banerjee Divakaruni and Rohinton Mistry), 2024
